000 00640nam a2200253Ia 4500
008 190123s9999 xx 000 0 und d
020 _a9780531225370
050 _bV458 2014
100 _aVenezia, Mike
245 0 _aPablo Picasso /
245 0 _cby Mike Venezia.
260 _aNew York, New York :
260 _bChildren's Press,
260 _c2014
300 _a32 pages :
300 _bcolored illustrations ;
300 _c24cm.
440 _aGetting to know the world's greatest artists.
500 _a860L
650 _aArtists.
650 _aPicasso, Pablo, 1881-1973.
700 _aSeries.
700 _aTitle.
999 _c361167
_d361167